Lean Six Sigma For Dummies: (Record no. 184247)

MARC details
000 -LEADER
fixed length control field 00526nam a22001817a 4500
005 - DATE AND TIME OF LATEST TRANSACTION
control field 20220117111653.0
010 ## - LCCN (DPL NO)
LC control number ENG-131167
020 ## - INTERNATIONAL STANDARD BOOK NUMBER
International Standard Book Number 978-93-5424-996-9
Terms of availability 584.00
035 ## - SYSTEM CONTROL NUMBER
System control number EN-114699
037 ## - SOURCE OF ACQUISITION
Source of stock number/acquisition DBAD
082 ## - DEWEY DECIMAL CLASSIFICATION NUMBER
Classification number 658.4013
100 ## - MAIN ENTRY--PERSONAL NAME
Personal name Morgan, John
245 ## - TITLE STATEMENT
Title Lean Six Sigma For Dummies:
Statement of responsibility, etc John Morgan
260 ## - PUBLICATION, DISTRIBUTION, ETC. (IMPRINT)
Place of publication, distribution, etc New Delhi
Name of publisher, distributor, etc Wiley India Pvt. Ltd
Date of publication, distribution, etc 2020
270 ## - ADDRESS
City New Delhi
Address 4436/7, Ansari Road, Daryaganj
Postal code 110002
300 ## - PHYSICAL DESCRIPTION
Extent 584p.
Dimensions 24cm(pbk)
942 ## - ADDED ENTRY ELEMENTS (KOHA)
Source of classification or shelving scheme Dewey Decimal Classification
Item type English Books
Classification part 658.4013
Call number suffix MOR
Holdings
Withdrawn status Lost status Not for loan Collection code Home library Current library Date acquired Source of acquisition Cost, normal purchase price Full call number Barcode Copy number Cost, replacement price Koha item type
      Non-fiction Patel Nagar Patel Nagar 17/01/2022 DBAD/PUB 584.00 658.4013 MOR EN-114699 1 584.00 English Books

© Delhi Public Library
Hit Counter
free hit counter